000 00839nam a2200193 i 4500
001 187928
003 ES-MaACL
005 20250727190111.0
008 180326s1930 sp |||| | spa d
100 0 _aSchmidt, Expeditus.
_9104472
245 1 3 _aEl auto sacramental y su importancia en el arte escénico de la época :
_bconferencia dada el 11 de noviembre de 1927 /
_cpor Expeditus Schmidt.
260 _aMadrid :
_b[s.n.],
_c1930 (
_fBlass tipogragía)
300 _a20 p. ;
_c23 cm.
490 1 _aConferencias dadas en el Centro de intercambio intelectual germano-español ;
_v25
650 0 4 _aAuto sacramental-
_zS.XVI-XVII-
_xHistoria y crítica.
_910420
830 0 0 _aConferencias dadas en el Centro de Intercambio Intelectual Germano-Español
_v25
_9192904
852 _aES-MaACL
_jC-8111(21)
999 _c187928
_d187928